NLSUI OPAC header image

Private action for damages : an enforcement against collusive agreement (Record no. 217086)

MARC details
000 -LEADER
fixed length control field 01127nam a2200145Ia 4500
005 - DATE AND TIME OF LATEST TRANSACTION
control field 20260209120132.0
008 - FIXED-LENGTH DATA ELEMENTS--GENERAL INFORMATION
fixed length control field 260209s9999||||xx |||||||||||||| ||und||
100 ## - MAIN ENTRY--PERSONAL NAME
Personal name Praveen Tripathi
245 #0 - TITLE STATEMENT
Title Private action for damages : an enforcement against collusive agreement
260 ## - PUBLICATION, DISTRIBUTION, ETC.
Place of publication, distribution, etc. BangaloreBangalore
Name of publisher, distributor, etc. NLSIU
Date of publication, distribution, etc. 2013
300 ## - PHYSICAL DESCRIPTION
Extent 72 p. ; 25 cm.
505 ## - FORMATTED CONTENTS NOTE
Formatted contents note TABLE OF CONTENTS Index of Abbreviation ; List of cases ; Figure & Table ; Research Methodology ; I. Introduction ; II. Economics, Compensation and Law ; a. Overcharge Injuries ; b. Deadweight Loss ; c. Efficiency defense ; d. Compensation or deterrence? ; III. Present state of enforcement of competition law ; a. Indian Competition Law Enforcement ; b. US Antitrust Law Enforcement ; c. EU Competition Law Enforcement ; d. South-African Competition Law Enforcement; IV. Issues in Private Enforcement; a. Locus Standi; b. Quantum of Compensation ; c. Class Action ; V. Conclusion & Suggestion ; VI. Bibliography & References.
700 ## - ADDED ENTRY--PERSONAL NAME
Personal name Dr. T.S. Somashekar - GuideDr. T.S. Somashekar - Guide
856 ## - ELECTRONIC LOCATION AND ACCESS
Uniform Resource Identifier <a href="https://dans.nls.ac.in/handle/123456789/1885">https://dans.nls.ac.in/handle/123456789/1885</a>
Holdings
Withdrawn status Lost status Damaged status Not for loan Home library Current library Date acquired Total Checkouts Barcode Date last seen Price effective from Koha item type
        . . 09.02.2026   LLM451 09.02.2026 09.02.2026 Dissertation